Las tramas del cartón : (Record no. 3466)
[ view plain ]
| 000 -LEADER | |
|---|---|
| fixed length control field | 02043nam a22002057a 4500 |
| 008 - FIXED-LENGTH DATA ELEMENTS--GENERAL INFORMATION | |
| fixed length control field | 161228b xxu||||| |||| 00| 0 spa d |
| 020 ## - INTERNATIONAL STANDARD BOOK NUMBER | |
| International Standard Book Number | 978-987-1444-33-5 |
| 082 14 - DEWEY DECIMAL CLASSIFICATION NUMBER | |
| Edition number | 14 |
| Classification number | 306.36 |
| 100 1# - MAIN ENTRY--PERSONAL NAME | |
| 9 (RLIN) | 4406 |
| Personal name | Gorbán, Débora |
| 245 14 - TITLE STATEMENT | |
| Title | Las tramas del cartón : |
| Remainder of title | trabajo y familia en los sectores populares del Gran Buenos Aires. / |
| Statement of responsibility, etc | Débora Gorbán |
| 260 ## - PUBLICATION, DISTRIBUTION, ETC. (IMPRINT) | |
| Place of publication, distribution, etc | Buenos Aires : |
| Name of publisher, distributor, etc | Gorla, |
| Date of publication, distribution, etc | 2014. |
| 300 ## - PHYSICAL DESCRIPTION | |
| Extent | 272 p. |
| 520 2# - SUMMARY, ETC. | |
| Summary, etc | Este libro describe el momento singular en la historia argentina que siguió a los tiempos del fin de la convertibilidad. Muchos investigadores han tratado de entender este período, concentrando sus esfuerzos en el análisis de las movilizaciones de los piqueteros en su demanda por trabajo en los años de desempleo masivo. Débora Gorbán dirige su atención a un elemento aparentemente más trivial y ciertamente menos visible: los cartoneros que diariamente recorrían las calles de los barrios nobles/acomodados de la ciudad de Buenos Aires buscando en los residuos de las familias ricas en busca de materiales recuperables para vender. Durante seis años, la autora acompañó los dramas y alegrías que impregnan/atraviesan la rutina del día a día de algunos residentes de El Salvador, barrio popular ubicado en la zona norte del Conurbano Bonaerense. En este libro, demostrando una extraordinaria sensibilidad etnográfica, plasmando en su texto momentos fugaces de la vida social, la autora restituye algo de la vida familiar y barrial de esas personas. En el proceso, ella nos lleva a pensar sobre temas de relevancia social y política más amplios: los procesos de significación del trabajo (en donde incluye no sólo las políticas públicas sino también las moralidades familiares y las dinámicas barriales), así como las transformaciones en las formas de inscripción de las clases populares en el tejido social. |
| 650 #0 - SUBJECT ADDED ENTRY--TOPICAL TERM | |
| 9 (RLIN) | 1632 |
| Topical term or geographic name as entry element | ETNOGRAFIA |
| 650 10 - SUBJECT ADDED ENTRY--TOPICAL TERM | |
| 9 (RLIN) | 606 |
| Topical term or geographic name as entry element | TRABAJO |
| 651 #0 - SUBJECT ADDED ENTRY--GEOGRAPHIC NAME | |
| Geographic name | BUENOS AIRES (Argentina) |
| 9 (RLIN) | 746 |
| 653 ## - INDEX TERM--UNCONTROLLED | |
| Uncontrolled term | CARTONEROS |
| 942 ## - ADDED ENTRY ELEMENTS (KOHA) | |
| Source of classification or shelving scheme | Dewey Decimal Classification |
| Item type | Libro, folleto, traducción |
| 980 ## - EQUIVALENCE OR CROSS-REFERENCE-SERIES STATEMENT--PERSONAL NAME/TITLE [LOCAL, CANADA] | |
| Miscellaneous information | VALERIA BEATRIZ DOMÍNGUEZ |
| Field link and sequence number | 1943 |
| Withdrawn status | Lost status | Source of classification or shelving scheme | Damaged status | Not for loan | Home library | Current library | Date acquired | Source of acquisition | Cost, normal purchase price | Total Checkouts | Total Renewals | Full call number | Barcode | Date last seen | Date last borrowed | Price effective from | Koha item type |
|---|---|---|---|---|---|---|---|---|---|---|---|---|---|---|---|---|---|
| Dewey Decimal Classification | Biblioteca Central | Biblioteca Central | 28/12/2016 | Compra Exp.801/12 | 171.00 | 2 | 1 | 306.36 GOR | UNAJ16121148 | 17/03/2025 | 17/05/2019 | 28/12/2016 | Libro, folleto, traducción |